000 00484nam a2200169 i 4500
001 bg
100 1 _aARENDT, Anatol
245 0 _aĆwiczenia laboratoryjne z chemii organicznej /
_cAnatol Arendt, Aleksander Kołodziejczyk, Wanda Sokołowska.
260 _aGdańsk,
_c1980.
700 1 _aKOŁODZIEJCZYK, Aleksander M.
700 1 _aSOKOŁOWSKA, Wanda
040 _cBPK
041 _apol
080 _a547(075.8)(076)
942 _cKS
008 s pl f |000 0 pol
999 _c19815
_d19815
856 _uhttp://koha.tu.koszalin.pl/cgi-bin/koha/opac-detail.pl?biblionumber=19815
_yKatalog online BPK